|
|
|
|
| LEADER |
01014nam a2200253 a 4500 |
| 001 |
3796479 |
| 003 |
BD-DhAAL |
| 008 |
090723s1983 enk 000 1 eng d |
| 999 |
|
|
|c 2779
|d 2779
|
| 010 |
|
|
|a 84187530
|
| 020 |
|
|
|a 00099578611
|
| 020 |
|
|
|a 0679722041
|
| 040 |
|
|
|a DLC
|c DLC
|d DLC
|d BD-DhAAL
|
| 082 |
0 |
0 |
|a 823
|2 23
|
| 100 |
1 |
|
|a Rushdie, Salman.
|9 46652
|
| 245 |
1 |
0 |
|a Shame /
|c Salman Rushdie.
|
| 260 |
|
|
|a London :
|b Cape ;
|b Vintage,
|c 1983.
|
| 300 |
|
|
|a 287 pages ;
|c 20 cm.
|
| 541 |
1 |
|
|e 00014204, 38040
|a Donated by Akbar Ali Khan
|
| 600 |
|
0 |
|a Men
|z Pakistan
|x Fiction
|9 46653
|
| 852 |
4 |
|
|a Ayesha Abed Library
|j General shelf.
|
| 942 |
0 |
0 |
|0 1
|2 ddc
|c BK
|
| 952 |
|
|
|0 0
|1 0
|2 ddc
|4 0
|6 823_RUS_199500000000000
|7 0
|9 2553
|a BRACUL
|b BRACUL
|c GEN
|d 2009-07-23
|g 750.00
|l 22
|m 88
|o 823 RUS
|p 3010014204
|r 2024-05-23
|s 2024-01-29
|t 1
|v 1500.00
|w 2009-07-23
|y BK
|
| 952 |
|
|
|0 0
|1 0
|2 ddc
|4 0
|6 823_000000000000000_RUS
|7 1
|9 70059
|a BRACUL
|b BRACUL
|c AAKC
|d 2022-03-09
|e Donated by Akbar Ali Khan
|l 0
|o 823 RUS
|p 3010038040
|r 2022-03-09
|t 2
|w 2022-03-09
|y BK
|